| 000 | 00519nam a2200169Ia 4500 | ||
|---|---|---|---|
| 008 | 090711s9999 xx 000 0 und d | ||
| 082 | _b247 | ||
| 100 | _aआपटे गो. ल. | ||
| 245 | _aआपटयाSाी पाने | ||
| 260 |
_bयशवंत गोपाळ जोशी _c1937 |
||
| 300 | _a45 | ||
| 600 | _aआपटे गो. ल. | ||
| 630 | _aआपटयाSाी पाने | ||
| 700 | _aआपटे गो. ल. | ||
| 730 | _aआपटयाSाी पाने | ||
| 942 | _cBOOK | ||
| 999 |
_c288780 _d288780 |
||